<?xml version="1.0" encoding="UTF-8"?>
<record
    xmlns:xsi="http://www.w3.org/2001/XMLSchema-instance"
    xsi:schemaLocation="http://www.loc.gov/MARC21/slim http://www.loc.gov/standards/marcxml/schema/MARC21slim.xsd"
    xmlns="http://www.loc.gov/MARC21/slim">

  <leader>03327cam a22004218i 4500</leader>
  <controlfield tag="001">21679992</controlfield>
  <controlfield tag="005">20220721110854.0</controlfield>
  <controlfield tag="008">200819s2021    enk      b    001 0 eng  </controlfield>
  <datafield tag="010" ind1=" " ind2=" ">
    <subfield code="a">  2020037951</subfield>
  </datafield>
  <datafield tag="020" ind1=" " ind2=" ">
    <subfield code="a">9781108836180</subfield>
    <subfield code="q">(hardback)</subfield>
  </datafield>
  <datafield tag="020" ind1=" " ind2=" ">
    <subfield code="a">9781108799447</subfield>
    <subfield code="q">(paperback)</subfield>
  </datafield>
  <datafield tag="020" ind1=" " ind2=" ">
    <subfield code="z">9781108864091</subfield>
    <subfield code="q">(epub)</subfield>
  </datafield>
  <datafield tag="040" ind1=" " ind2=" ">
    <subfield code="a">DLC</subfield>
    <subfield code="b">eng</subfield>
    <subfield code="e">rda</subfield>
    <subfield code="c">DLC</subfield>
  </datafield>
  <datafield tag="042" ind1=" " ind2=" ">
    <subfield code="a">pcc</subfield>
  </datafield>
  <datafield tag="050" ind1="0" ind2="0">
    <subfield code="a">KZ6355</subfield>
    <subfield code="b">.D56 2021</subfield>
  </datafield>
  <datafield tag="082" ind1="0" ind2="0">
    <subfield code="a">341.6</subfield>
    <subfield code="b">DIN</subfield>
  </datafield>
  <datafield tag="100" ind1="1" ind2=" ">
    <subfield code="a">Dinstein, Yoram,</subfield>
    <subfield code="e">author.</subfield>
    <subfield code="9">94300</subfield>
  </datafield>
  <datafield tag="245" ind1="1" ind2="0">
    <subfield code="a">Non-international armed conflicts in international law /</subfield>
    <subfield code="c">Yoram Dinstein, Tel-Aviv University.</subfield>
  </datafield>
  <datafield tag="250" ind1=" " ind2=" ">
    <subfield code="a">Second edition.</subfield>
  </datafield>
  <datafield tag="263" ind1=" " ind2=" ">
    <subfield code="a">2012</subfield>
  </datafield>
  <datafield tag="264" ind1=" " ind2="1">
    <subfield code="a">Cambridge, United Kingdom ;</subfield>
    <subfield code="a">New York, NY :</subfield>
    <subfield code="b">Cambridge University Press,</subfield>
    <subfield code="c">2021.</subfield>
  </datafield>
  <datafield tag="300" ind1=" " ind2=" ">
    <subfield code="a">pages cm</subfield>
  </datafield>
  <datafield tag="336" ind1=" " ind2=" ">
    <subfield code="a">text</subfield>
    <subfield code="b">txt</subfield>
    <subfield code="2">rdacontent</subfield>
  </datafield>
  <datafield tag="337" ind1=" " ind2=" ">
    <subfield code="a">unmediated</subfield>
    <subfield code="b">n</subfield>
    <subfield code="2">rdamedia</subfield>
  </datafield>
  <datafield tag="338" ind1=" " ind2=" ">
    <subfield code="a">volume</subfield>
    <subfield code="b">nc</subfield>
    <subfield code="2">rdacarrier</subfield>
  </datafield>
  <datafield tag="504" ind1=" " ind2=" ">
    <subfield code="a">Includes bibliographical references and index.</subfield>
  </datafield>
  <datafield tag="505" ind1="0" ind2=" ">
    <subfield code="a">The framework -- The preconditions of a NIAC -- Thresholds and interaction of armed conflicts -- Fighters, civilians and LONIAC -- Foreign intervention in a NIAC -- Recognition -- State responsibility -- The principal LONIAC treaty provisions -- Additional treaty texts -- NIAC war crimes -- LONIAC customary international law -- LONIAC and human rights law -- Conclusions.</subfield>
  </datafield>
  <datafield tag="520" ind1=" " ind2=" ">
    <subfield code="a">"Due to their preponderance and intensity, non-international armed conflicts are currently very much in the public mind: often, more so than international armed conflicts. The present volume serves as a comprehensive introduction to the international legal regime of non-international armed conflicts, proceeding strictly in light of what the contemporary law is (as distinct from what the present author or anybody else would like it to be). Non-international armed conflicts raise a raft of issues that need to be addressed, including in particular their preconditions, thresholds, diverse forms and configurations; the discordant perspectives of the international and domestic legal systems; as well as the application of treaty and customary law to non-State actors. In addition, it is necessary to examine the consequences of intervention by foreign States; the role of the Security Council; the effects of recognition; State responsibility for wrongdoing to the installations, diplomats or nationals of foreign States, etc. The interface between the law of international and non-international armed conflicts is a matter of crucial concern. There are also numerous specific problems, ranging from the complexities of "failing States" to the recruitment and use of child-soldiers"--</subfield>
    <subfield code="c">Provided by publisher.</subfield>
  </datafield>
  <datafield tag="650" ind1=" " ind2="0">
    <subfield code="a">War (International law)</subfield>
  </datafield>
  <datafield tag="650" ind1=" " ind2="0">
    <subfield code="a">Intervention (International law)</subfield>
    <subfield code="9">38056</subfield>
  </datafield>
  <datafield tag="650" ind1=" " ind2="0">
    <subfield code="a">War victims</subfield>
    <subfield code="x">Legal status, laws, etc.</subfield>
  </datafield>
  <datafield tag="650" ind1=" " ind2="0">
    <subfield code="a">War crimes.</subfield>
    <subfield code="9">94080</subfield>
  </datafield>
  <datafield tag="650" ind1=" " ind2="0">
    <subfield code="a">War.</subfield>
  </datafield>
  <datafield tag="776" ind1="0" ind2="8">
    <subfield code="i">Online version:</subfield>
    <subfield code="a">Dinstein, Yoram.</subfield>
    <subfield code="t">Non-international armed conflicts in international law</subfield>
    <subfield code="b">Second edition.</subfield>
    <subfield code="d">Cambridge, United Kingdom ;  New York, NY : Cambridge University Press,  2021</subfield>
    <subfield code="z">9781108864091</subfield>
    <subfield code="w">(DLC) 2020037952</subfield>
  </datafield>
  <datafield tag="906" ind1=" " ind2=" ">
    <subfield code="a">7</subfield>
    <subfield code="b">cbc</subfield>
    <subfield code="c">orignew</subfield>
    <subfield code="d">1</subfield>
    <subfield code="e">ecip</subfield>
    <subfield code="f">20</subfield>
    <subfield code="g">y-gencatlg</subfield>
  </datafield>
  <datafield tag="942" ind1=" " ind2=" ">
    <subfield code="2">ddc</subfield>
    <subfield code="c">BK</subfield>
  </datafield>
  <datafield tag="999" ind1=" " ind2=" ">
    <subfield code="c">590453</subfield>
    <subfield code="d">590453</subfield>
  </datafield>
  <datafield tag="952" ind1=" " ind2=" ">
    <subfield code="0">0</subfield>
    <subfield code="1">0</subfield>
    <subfield code="2">ddc</subfield>
    <subfield code="4">0</subfield>
    <subfield code="7">0</subfield>
    <subfield code="a">NLS</subfield>
    <subfield code="b">NLS</subfield>
    <subfield code="c">LAW</subfield>
    <subfield code="d">2022-07-21</subfield>
    <subfield code="e">Allied Booka</subfield>
    <subfield code="l">1</subfield>
    <subfield code="o">341.6 DIN</subfield>
    <subfield code="p">CL-1084</subfield>
    <subfield code="q">2026-03-27</subfield>
    <subfield code="r">2026-02-25</subfield>
    <subfield code="s">2026-02-25</subfield>
    <subfield code="w">2022-07-21</subfield>
    <subfield code="y">BK</subfield>
  </datafield>
</record>
